000 00282 a2200109 4500
001 51143
040 _cAnchieta - Pituba
240 1 0 _aDas fliegende Klassenzimmer
_l
245 1 0 _aDas fliegende Klassenzimmer
650 4 _aLínguas germânicas (teutônicas) língua alemã
942 _cMX
999 _c51143
_d51143